[Event "16. Open de Figueres Miquel Mas 2015"]
[Site "Figueres ESP"]
[Date "2015.08.15"]
[Round "5.7"]
[White "Juan Bartroli, Pau"]
[Black "Valles, Manuel"]
[Result "0-1"]
[WhiteElo "2195"]
[BlackElo "2386"]
[PlyCount "94"]
[EventDate "2015.08.11"]
[EventType "swiss"]
[EventRounds "9"]
[EventCountry "ESP"]
[Source "lmi"]
[SourceDate "2015.08.11"]

1. d4 Nf6 2. c4 d6 3. Nf3 g6 4. Nc3 Bf5 5. Nh4 Bd7 6. e4 Bg7 7. Be2 O-O 8. Nf3
c5 9. O-O cxd4 10. Nxd4 Nc6 11. Be3 Nxd4 12. Bxd4 Bc6 13. f3 a5 14. Nd5 Nd7 15.
Rc1 Bxd4+ 16. Qxd4 e5 17. Qe3 Bxd5 18. cxd5 Nc5 19. b3 Qd7 20. a3 a4 21. b4 Nb3
22. Rc3 Rfc8 23. Rxc8+ Rxc8 24. f4 exf4 25. Qxf4 Rc2 26. Bd1 Rc4 27. Be2 Rd4
28. Bb5 Qe7 29. Bxa4 Rxe4 30. Qf6 Nd2 31. Qxe7 Rxe7 32. Rc1 f5 33. Bb5 Kf7 34.
Bd3 Kf6 35. Kf2 Ke5 36. Rd1 Ne4+ 37. Ke3 Nc3 38. Rc1 Nxd5+ 39. Kd2 Nf6 40. Rc8
d5 41. b5 Kd4 42. a4 Ne4+ 43. Kc2 Nc5 44. Bf1 Re1 45. a5 Rxf1 46. a6 Rf2+ 47.
Kb1 Nxa6 0-1

[Event "16. Open de Figueres Miquel Mas 2015"]
[Site "Figueres ESP"]
[Date "2015.08.15"]
[Round "5.8"]
[White "Ventura Bolet, Maxim"]
[Black "Serra Pages, Jordi"]
[Result "1-0"]
[WhiteElo "2069"]
[BlackElo "2235"]
[PlyCount "107"]
[EventDate "2015.08.11"]
[EventType "swiss"]
[EventRounds "9"]
[EventCountry "ESP"]
[Source "lmi"]
[SourceDate "2015.08.11"]

1. Nf3 Nf6 2. g3 g6 3. Bg2 Bg7 4. O-O O-O 5. d4 d5 6. c4 c6 7. Qa4 Nfd7 8. Qc2
Nb6 9. c5 N6d7 10. Bf4 Na6 11. Nbd2 e5 12. Nxe5 Nxe5 13. Bxe5 Bxe5 14. dxe5 Qe7
15. f4 f6 16. e4 fxe5 17. exd5 Bf5 18. Qc4 Qxc5+ 19. Qxc5 Nxc5 20. dxc6 bxc6
21. fxe5 Rad8 22. Nc4 Rd4 23. b3 Be4 24. Rae1 Rxf1+ 25. Rxf1 Bd3 26. Rd1 Ne6
27. Na5 c5 28. Nc6 Rd7 29. Bf1 Rc7 30. Bxd3 Rxc6 31. Bc4 Kf8 32. Rd7 a6 33.
Rxh7 Ng5 34. Rh8+ Kg7 35. Rg8+ Kh7 36. Re8 Rc7 37. e6 Kg7 38. Rd8 Kf6 39. Rd7
Rc8 40. e7 Re8 41. Bxa6 Nf3+ 42. Kg2 Ne5 43. Rc7 Rxe7 44. Rxe7 Kxe7 45. h3 Kd6
46. Kf2 Nc6 47. Bc4 Nb4 48. a4 Ke5 49. a5 Nc6 50. a6 Ke4 51. h4 Na7 52. Bf7 Kf5
53. h5 gxh5 54. Bxh5 1-0

[Event "16. Open de Figueres Miquel Mas 2015"]
[Site "Figueres ESP"]
[Date "2015.08.15"]
[Round "5.9"]
[White "Benet Morant, Damia"]
[Black "Pulvett Marin, Daniel"]
[Result "0-1"]
[WhiteElo "2067"]
[BlackElo "2434"]
[PlyCount "56"]
[EventDate "2015.08.11"]
[EventType "swiss"]
[EventRounds "9"]
[EventCountry "ESP"]
[Source "lmi"]
[SourceDate "2015.08.11"]

1. d4 Nf6 2. c4 e6 3. g3 c5 4. Nf3 cxd4 5. Nxd4 d5 6. Bg2 e5 7. Nb3 d4 8. O-O
Nc6 9. Bg5 a5 10. f4 exf4 11. Rxf4 a4 12. Bxc6+ bxc6 13. Rxd4 Bd7 14. Re4+ Be6
15. N3d2 Qb6+ 16. e3 Qxb2 17. Qf3 Be7 18. Rxe6 fxe6 19. Qxc6+ Kf7 20. Bxf6 gxf6
21. Qf3 Qxa1 22. Qh5+ Kf8 23. Qh6+ Kg8 24. Qh3 Qe5 25. Qg4+ Kf8 26. Nf3 Qxe3+
27. Kg2 Qe2+ 28. Kh3 Qf1+ 0-1

[Event "16. Open de Figueres Miquel Mas 2015"]
[Site "Figueres ESP"]
[Date "2015.08.15"]
[Round "5.10"]
[White "Serra Canals, Oriol"]
[Black "Sabria Batlle, Pol"]
[Result "0-1"]
[WhiteElo "2037"]
[BlackElo "2251"]
[PlyCount "104"]
[EventDate "2015.08.11"]
[EventType "swiss"]
[EventRounds "9"]
[EventCountry "ESP"]
[Source "lmi"]
[SourceDate "2015.08.11"]

1. d4 Nf6 2. c4 g6 3. Nc3 d5 4. cxd5 Nxd5 5. e4 Nxc3 6. bxc3 Bg7 7. Be3 c5 8.
Rc1 O-O 9. Qd2 Qa5 10. d5 e6 11. c4 Qxd2+ 12. Kxd2 b6 13. h4 Na6 14. h5 Bd7 15.
Ne2 Nc7 16. Nc3 Ne8 17. Bg5 f6 18. Bf4 e5 19. Be3 Nd6 20. f3 f5 21. Be2 f4 22.
Bf2 g5 23. Rb1 Kf7 24. Kd3 Bc8 25. Nb5 Ke7 26. Nc7 Rb8 27. Bxc5 Rb7 28. Bxd6+
Kxd6 29. Nb5+ Kc5 30. Nc3 Rg8 31. Rb2 Bf8 32. Rhb1 Kd6 33. a4 Kc7 34. Ra1 a5
35. Rab1 Bc5 36. Rc1 g4 37. Rbc2 Rg5 38. Rh1 Kd8 39. h6 Rf7 40. fxg4 Bxg4 41.
Bxg4 Rxg4 42. Rh5 Rg3+ 43. Ke2 Rxg2+ 44. Kd3 f3 45. Rxg2 fxg2 46. Ne2 Rf3+ 47.
Kd2 Rf2 48. Rg5 Rxe2+ 49. Kxe2 g1=Q 50. Rxg1 Bxg1 51. Kf3 Ke7 52. Kg4 Kd6 0-1

[Event "16. Open de Figueres Miquel Mas 2015"]
[Site "Figueres ESP"]
[Date "2015.08.15"]
[Round "6.1"]
[White "Di Nicolantonio, Lucas"]
[Black "Munoz Pantoja, Miguel"]
[Result "1/2-1/2"]
[WhiteElo "2414"]
[BlackElo "2434"]
[PlyCount "33"]
[EventDate "2015.08.11"]
[EventType "swiss"]
[EventRounds "9"]
[EventCountry "ESP"]
[Source "lmi"]
[SourceDate "2015.08.11"]

1. e4 d5 2. Nc3 dxe4 3. Nxe4 Qd5 4. Nc3 Qa5 5. d4 Nf6 6. Nf3 Bg4 7. h3 Bxf3 8.
Qxf3 c6 9. Bc4 Nbd7 10. O-O e6 11. Ne2 Bd6 12. Ng3 O-O 13. c3 Qc7 14. Bb3 c5
15. dxc5 Nxc5 16. Bc2 Ncd7 17. Rb1 1/2-1/2

[Event "16. Open de Figueres Miquel Mas 2015"]
[Site "Figueres ESP"]
[Date "2015.08.15"]
[Round "6.2"]
[White "Campos Moreno, Javier B"]
[Black "Bachmann, Axel"]
[Result "0-1"]
[WhiteElo "2422"]
[BlackElo "2623"]
[PlyCount "101"]
[EventDate "2015.08.11"]
[EventType "swiss"]
[EventRounds "9"]
[EventCountry "ESP"]
[Source "lmi"]
[SourceDate "2015.08.11"]

1. d4 Nf6 2. c4 e6 3. Nf3 Bb4+ 4. Nbd2 b6 5. a3 Bxd2+ 6. Qxd2 Bb7 7. e3 a5 8.
b3 O-O 9. Be2 Ne4 10. Qc2 f5 11. Bb2 d6 12. O-O Nd7 13. Ne1 Qg5 14. Bc1 Qg6 15.
f3 Nef6 16. Bd3 Qh5 17. Bb2 Qg5 18. Bc1 Qh5 19. Bb2 Qg5 20. Bc1 Nh5 21. e4 Qf6
22. Qb2 fxe4 23. fxe4 Qg6 24. Rxf8+ Rxf8 25. Qe2 Nf4 26. Bxf4 Rxf4 27. e5 Qh6
28. exd6 cxd6 29. Rd1 e5 30. c5 Rxd4 31. Bc4+ d5 32. Rxd4 exd4 33. Bb5 Nf8 34.
Qe7 Bc6 35. Bxc6 Qxc6 36. Nd3 Qg6 37. Qe2 bxc5 38. Nxc5 Qb6 39. Qe7 d3 40. Kf2
d2 41. Ke2 Qg6 42. Kxd2 Qxg2+ 43. Qe2 Qg1 44. Na4 Qa1 45. Qd3 Qh1 46. Qe2 Qa1
47. Qd3 Qe5 48. Qg3 Qd4+ 49. Qd3 Qf4+ 50. Kc3 Qc7+ 51. Kd4 0-1

[Event "16. Open de Figueres Miquel Mas 2015"]
[Site "Figueres ESP"]
[Date "2015.08.15"]
[Round "6.3"]
[White "Valles, Manuel"]
[Black "Mellado Trivino, Juan"]
[Result "1-0"]
[WhiteElo "2386"]
[BlackElo "2442"]
[PlyCount "75"]
[EventDate "2015.08.11"]
[EventType "swiss"]
[EventRounds "9"]
[EventCountry "ESP"]
[Source "lmi"]
[SourceDate "2015.08.11"]

1. d4 d5 2. c4 dxc4 3. Nf3 c5 4. e3 cxd4 5. Bxc4 Qc7 6. Bb3 dxe3 7. Bxe3 Nf6 8.
O-O Nc6 9. Nc3 a6 10. Rc1 e6 11. Na4 Be7 12. Nb6 Rb8 13. Nd4 O-O 14. Qf3 Bd7
15. Nxd7 Qxd7 16. Nxc6 bxc6 17. Rxc6 a5 18. Rd1 Qb7 19. Rdc1 a4 20. Bxa4 Qxb2
21. Bb3 Nd5 22. Bxd5 exd5 23. Qxd5 Rfd8 24. Qe4 Bf6 25. R6c2 Qa3 26. Bc5 Qa5
27. g3 Re8 28. Qf3 h6 29. Be3 Qa3 30. Kg2 Rbd8 31. Rd1 Rxd1 32. Qxd1 Qa4 33.
Rd2 Qa5 34. Qf3 Qa4 35. Bxh6 Re1 36. Bf4 Qc4 37. Qd3 Qc1 38. Rc2 1-0

[Event "16. Open de Figueres Miquel Mas 2015"]
[Site "Figueres ESP"]
[Date "2015.08.15"]
[Round "6.4"]
[White "Stella, Andrea"]
[Black "Aroshidze, Levan"]
[Result "0-1"]
[WhiteElo "2423"]
[BlackElo "2535"]
[PlyCount "112"]
[EventDate "2015.08.11"]
[EventType "swiss"]
[EventRounds "9"]
[EventCountry "ESP"]
[Source "lmi"]
[SourceDate "2015.08.11"]

1. Nf3 c5 2. c4 Nf6 3. Nc3 b6 4. g3 Bb7 5. Bg2 e6 6. O-O a6 7. Re1 d6 8. e4 Be7
9. d4 cxd4 10. Nxd4 Qc7 11. Be3 O-O 12. Rc1 Nbd7 13. f4 Rac8 14. g4 Nc5 15. Bf2
g6 16. b4 Ncd7 17. b5 e5 18. bxa6 Bxa6 19. Ndb5 Qd8 20. f5 Ne8 21. Ne2 Nc5 22.
Ng3 Ra8 23. Qc2 Nc7 24. Bf1 Qd7 25. a4 Bb7 26. Ra1 Ra6 27. Red1 Rfa8 28. f6 Bf8
29. Bxc5 bxc5 30. g5 Rc6 31. Qe2 Na6 32. Ra3 Nb4 33. Nf5 Rca6 34. Bh3 Qd8 35.
a5 Bc8 36. Rd2 gxf5 37. Qh5 fxe4 38. Rg3 Rxa5 39. g6 Ra1+ 40. Kg2 fxg6 41.
Rxg6+ Kh8 42. Bxc8 Rxc8 43. Nxd6 Qd7 44. Rg7 Bxg7 45. Nf7+ Qxf7 46. Qxf7 Bh6
47. Kh3 Ra3+ 48. Kh4 Rg8 49. Rd7 Bg5+ 50. Kg4 Rh3 51. Kf5 Rh4 52. Ke6 Nd3 53.
Kd5 Nf4+ 54. Kd6 Ng6 55. Kc7 e3 56. Qe6 e2 0-1

[Event "16. Open de Figueres Miquel Mas 2015"]
[Site "Figueres ESP"]
[Date "2015.08.15"]
[Round "6.6"]
[White "Fernandez, Maria Florencia"]
[Black "Alarcon Casellas, Rolando"]
[Result "0-1"]
[WhiteElo "2222"]
[BlackElo "2391"]
[PlyCount "58"]
[EventDate "2015.08.11"]
[EventType "swiss"]
[EventRounds "9"]
[EventCountry "ESP"]
[Source "lmi"]
[SourceDate "2015.08.11"]

1. d4 d5 2. c4 c6 3. e3 e6 4. Nc3 f5 5. Nf3 Bd6 6. g3 Nf6 7. Bg2 O-O 8. O-O
Nbd7 9. b3 Ne4 10. Bb2 Qf6 11. Ne1 Qh6 12. f4 Ndf6 13. Nf3 Ng4 14. Qe1 Bd7 15.
h3 Ngf6 16. Ne5 Rad8 17. Nxe4 Nxe4 18. g4 Bxe5 19. dxe5 dxc4 20. bxc4 c5 21.
Bxe4 fxe4 22. Qg3 Ba4 23. f5 Rd2 24. Ba3 b6 25. g5 Qh5 26. fxe6 Rf3 27. Rxf3
exf3 28. Rf1 Rg2+ 29. Qxg2 fxg2 0-1

[Event "16. Open de Figueres Miquel Mas 2015"]
[Site "Figueres ESP"]
[Date "2015.08.15"]
[Round "6.7"]
[White "Sole Pijuan, Ferran"]
[Black "Pulvett Marin, Daniel"]
[Result "0-1"]
[WhiteElo "1867"]
[BlackElo "2434"]
[PlyCount "40"]
[EventDate "2015.08.11"]
[EventType "swiss"]
[EventRounds "9"]
[EventCountry "ESP"]
[Source "lmi"]
[SourceDate "2015.08.11"]

1. d4 Nf6 2. c4 e6 3. Nc3 Bb4 4. e3 O-O 5. a3 Bxc3+ 6. bxc3 c5 7. Bd3 Nc6 8.
Ne2 b6 9. O-O Ba6 10. e4 Ne8 11. e5 Na5 12. Be4 Rc8 13. Qd3 f5 14. exf6 Nxf6
15. Bg5 Bxc4 16. Qh3 h6 17. Bxh6 Nxe4 18. Qg4 Qf6 19. Bxg7 Qxg7 20. Qxe4 Bd5
0-1

[Event "16. Open de Figueres Miquel Mas 2015"]
[Site "Figueres ESP"]
[Date "2015.08.15"]
[Round "6.8"]
[White "Sabria Batlle, Pol"]
[Black "Gonzalez Rodriguez, Jorge A"]
[Result "1/2-1/2"]
[WhiteElo "2251"]
[BlackElo "2369"]
[PlyCount "135"]
[EventDate "2015.08.11"]
[EventType "swiss"]
[EventRounds "9"]
[EventCountry "ESP"]
[Source "lmi"]
[SourceDate "2015.08.11"]

1. e4 e6 2. d4 d5 3. Nc3 Bb4 4. e5 b6 5. a3 Bf8 6. b4 c5 7. bxc5 bxc5 8. Nf3
Nc6 9. Bb5 Bd7 10. O-O Nge7 11. Re1 Nf5 12. dxc5 Bxc5 13. Bd3 Nfd4 14. Ng5 g6
15. Rb1 h6 16. Nh3 Nf5 17. Bf4 Nce7 18. a4 a6 19. Qc1 g5 20. Bd2 g4 21. Nf4 h5
22. Nce2 Qc7 23. Bb4 Bxb4 24. Rxb4 a5 25. Rb1 Bxa4 26. Ng3 Nxg3 27. fxg3 Qc5+
28. Kh1 Bc6 29. Qb2 a4 30. Ne2 a3 31. Qd4 Qxd4 32. Nxd4 a2 33. Ra1 Kd7 34. Nb3
Ra3 35. Rf1 Ke8 36. Nc1 h4 37. gxh4 Rxh4 38. Rxa2 Rxa2 39. Nxa2 g3 40. h3 d4
41. Nb4 Bb7 42. Kg1 Nd5 43. Nxd5 Bxd5 44. Re1 Kf8 45. Rf1 Kg7 46. Rf6 Rh5 47.
Rf4 Rxe5 48. Kf1 f5 49. Rxd4 Kf6 50. Rh4 Re3 51. Rh8 Be4 52. Bxe4 Rxe4 53. Rc8
Rf4+ 54. Kg1 Rf2 55. Rc3 f4 56. Rf3 Rxc2 57. Rxf4+ Ke5 58. Rf3 Rc1+ 59. Rf1 Rc3
60. Rf3 Rc1+ 61. Rf1 Rc8 62. Rf3 Rg8 63. Kf1 Ke4 64. Ke2 e5 65. Re3+ Kd4 66.
Rd3+ Ke4 67. Re3+ Kd4 68. Rd3+ 1/2-1/2

[Event "16. Open de Figueres Miquel Mas 2015"]
[Site "Figueres ESP"]
[Date "2015.08.15"]
[Round "6.9"]
[White "Colls Gelaberto, Emili"]
[Black "Maupin, Valerie"]
[Result "0-1"]
[WhiteElo "2106"]
[BlackElo "1982"]
[PlyCount "92"]
[EventDate "2015.08.11"]
[EventType "swiss"]
[EventRounds "9"]
[EventCountry "ESP"]
[Source "lmi"]
[SourceDate "2015.08.11"]

1. Nf3 c5 2. c4 g6 3. d4 cxd4 4. Nxd4 Bg7 5. e4 d6 6. Nc3 Nf6 7. Be2 Nbd7 8.
Be3 O-O 9. O-O Ne5 10. f3 Bd7 11. Rc1 Nc6 12. Qd2 Ne8 13. Nxc6 bxc6 14. c5 Be6
15. Rfd1 Rc8 16. b4 Qc7 17. b5 dxc5 18. Bxc5 Be5 19. bxc6 Bxh2+ 20. Kf1 Nd6 21.
Nb5 Nxb5 22. Bxb5 f5 23. exf5 Rxf5 24. Qe2 Re5 25. Qc2 Rf8 26. Bc4 Qxc6 27.
Bxe6+ Qxe6 28. Bxa7 Bf4 29. Bd4 Rh5 30. Qc4 Rh1+ 31. Bg1 Qxc4+ 32. Rxc4 Be3 33.
Ke2 Rxg1 34. Rxg1 Bxg1 35. a4 Ra8 36. Kd3 Kf7 37. Kc3 h5 38. Kb4 Be3 39. Kb5
Bd2 40. Re4 g5 41. Kc6 Kf6 42. Kb7 Ra5 43. Kb6 Re5 44. Rc4 Re2 45. g4 h4 46. a5
Re6+ 0-1

[Event "16. Open de Figueres Miquel Mas 2015"]
[Site "Figueres ESP"]
[Date "2015.08.15"]
[Round "6.10"]
[White "Soto Diaz, Jose Antonio"]
[Black "Serra Pages, Jordi"]
[Result "0-1"]
[WhiteElo "2086"]
[BlackElo "2235"]
[PlyCount "102"]
[EventDate "2015.08.11"]
[EventType "swiss"]
[EventRounds "9"]
[EventCountry "ESP"]
[Source "lmi"]
[SourceDate "2015.08.11"]

1. e4 e5 2. Nf3 Nc6 3. d3 Nf6 4. Nbd2 g6 5. g3 Bg7 6. Bg2 O-O 7. O-O d6 8. c3
d5 9. Qe2 dxe4 10. Nxe4 Nxe4 11. dxe4 h6 12. Be3 Qe7 13. Rfd1 Be6 14. Qb5 Rfb8
15. Rd2 a6 16. Qe2 b5 17. Nh4 Rd8 18. b3 Rxd2 19. Qxd2 Rd8 20. Qc2 Na5 21. Bf1
Qd6 22. Be2 Qc6 23. Bf1 Nb7 24. Bg2 a5 25. a4 Nc5 26. Bxc5 Qxc5 27. axb5 Qxb5
28. c4 Qb4 29. Nf3 Re8 30. Nd2 Bf8 31. Bf3 Bc5 32. Rb1 Bd4 33. Rd1 Qb6 34. Rf1
Bh3 35. Bg2 Bg4 36. Qd3 Rd8 37. Kh1 c6 38. c5 Bxc5 39. Qc2 Bb4 40. Nc4 Qc5 41.
Qb2 Be6 42. Qxe5 Qxe5 43. Nxe5 Bxb3 44. Nxc6 Rd1 45. Nxb4 Rxf1+ 46. Bxf1 axb4
47. Bd3 Bd1 48. e5 b3 49. e6 fxe6 50. Bc4 Kf7 51. Kg2 Bc2 0-1

[Event "16. Open de Figueres Miquel Mas 2015"]
[Site "Figueres ESP"]
[Date "2015.08.16"]
[Round "7.1"]
[White "Aroshidze, Levan"]
[Black "Bachmann, Axel"]
[Result "1/2-1/2"]
[WhiteElo "2535"]
[BlackElo "2623"]
[PlyCount "26"]
[EventDate "2015.08.11"]
[EventType "swiss"]
[EventRounds "9"]
[EventCountry "ESP"]
[Source "lmi"]
[SourceDate "2015.08.11"]

1. e4 e5 2. Nf3 Nc6 3. Nc3 Nf6 4. d4 exd4 5. Nxd4 Bb4 6. Nxc6 bxc6 7. Bd3 O-O
8. O-O Re8 9. Qf3 Rb8 10. h3 Bd6 11. b3 Be5 12. Bd2 d6 13. Rae1 Nd7 1/2-1/2

[Event "16. Open de Figueres Miquel Mas 2015"]
[Site "Figueres ESP"]
[Date "2015.08.16"]
[Round "7.2"]
[White "Munoz Pantoja, Miguel"]
[Black "Valles, Manuel"]
[Result "1/2-1/2"]
[WhiteElo "2434"]
[BlackElo "2386"]
[PlyCount "34"]
[EventDate "2015.08.11"]
[EventType "swiss"]
[EventRounds "9"]
[EventCountry "ESP"]
[Source "lmi"]
[SourceDate "2015.08.11"]

1. e4 c5 2. Nf3 Nc6 3. d4 cxd4 4. Nxd4 g6 5. c4 Nf6 6. Nc3 Nxd4 7. Qxd4 d6 8.
Be2 Bg7 9. Be3 O-O 10. Qd2 Be6 11. O-O Qa5 12. Rac1 a6 13. f3 Rfc8 14. Nd5 Qxd2
15. Bxd2 Nxd5 16. exd5 Bd4+ 17. Kh1 Bd7 1/2-1/2

[Event "16. Open de Figueres Miquel Mas 2015"]
[Site "Figueres ESP"]
[Date "2015.08.16"]
[Round "7.3"]
[White "Alarcon Casellas, Rolando"]
[Black "Di Nicolantonio, Lucas"]
[Result "1/2-1/2"]
[WhiteElo "2391"]
[BlackElo "2414"]
[PlyCount "68"]
[EventDate "2015.08.11"]
[EventType "swiss"]
[EventRounds "9"]
[EventCountry "ESP"]
[Source "lmi"]
[SourceDate "2015.08.11"]

1. d4 g6 2. c4 Bg7 3. Nc3 d6 4. e4 e5 5. d5 Nd7 6. g3 a5 7. h4 h5 8. Bh3 Ne7 9.
Nf3 Nc5 10. Bxc8 Qxc8 11. Be3 b6 12. Bxc5 bxc5 13. Qa4+ Kf8 14. O-O Bh6 15. Qc2
Kg7 16. Ne1 f5 17. Ng2 fxe4 18. Nxe4 Nf5 19. f4 Nd4 20. Qd3 exf4 21. Nxf4 Bxf4
22. Rxf4 Rf8 23. Raf1 Rxf4 24. Rxf4 Qe8 25. Kg2 Rb8 26. Rf2 Qe5 27. Ng5 Rf8 28.
Rxf8 Kxf8 29. Qe4 Qxe4+ 30. Nxe4 Ke7 31. Kf2 c6 32. Nc3 Kf6 33. dxc6 Nxc6 34.
Ke3 Ke5 1/2-1/2

[Event "16. Open de Figueres Miquel Mas 2015"]
[Site "Figueres ESP"]
[Date "2015.08.16"]
[Round "7.4"]
[White "Maupin, Valerie"]
[Black "Huerga Leache, Mikel"]
[Result "1/2-1/2"]
[WhiteElo "1982"]
[BlackElo "2436"]
[PlyCount "69"]
[EventDate "2015.08.11"]
[EventType "swiss"]
[EventRounds "9"]
[EventCountry "ESP"]
[Source "lmi"]
[SourceDate "2015.08.11"]

1. d4 Nf6 2. c4 c5 3. d5 b5 4. cxb5 a6 5. bxa6 g6 6. Nc3 Bxa6 7. Nf3 d6 8. g3
Nbd7 9. Bg2 Bg7 10. Rb1 O-O 11. O-O Qa5 12. Bd2 Rfb8 13. Qc2 Qc7 14. b3 Nb6 15.
Nh4 Qb7 16. Rfd1 Nbxd5 17. Nxd5 Nxd5 18. Be1 e6 19. e4 Nb4 20. Bxb4 Qxb4 21.
Rxd6 Bd4 22. e5 Bxe5 23. a3 Qxa3 24. Rxe6 fxe6 25. Bxa8 Bd4 26. Be4 Rf8 27. Nf3
Qb4 28. Nxd4 Qxd4 29. Rb2 Rf6 30. Ra2 e5 31. Ra4 Qd6 32. Ra5 Qd4 33. Ra4 Qd6
34. Ra5 Qd4 35. Ra4 1/2-1/2

[Event "16. Open de Figueres Miquel Mas 2015"]
[Site "Figueres ESP"]
[Date "2015.08.16"]
[Round "7.5"]
[White "Mellado Trivino, Juan"]
[Black "Campos Moreno, Javier B"]
[Result "1/2-1/2"]
[WhiteElo "2442"]
[BlackElo "2422"]
[PlyCount "125"]
[EventDate "2015.08.11"]
[EventType "swiss"]
[EventRounds "9"]
[EventCountry "ESP"]
[Source "lmi"]
[SourceDate "2015.08.11"]

1. d4 d5 2. e4 dxe4 3. Nc3 Nf6 4. f3 c6 5. Bc4 Qa5 6. fxe4 Nxe4 7. Nf3 Nd6 8.
Bb3 Bg4 9. O-O e6 10. Qe1 Bxf3 11. Rxf3 Be7 12. Bf4 Qd8 13. Bxd6 Qxd6 14. Qf2
Bf6 15. Ne4 Qe7 16. Nxf6+ gxf6 17. Rxf6 Nd7 18. Rf3 Rg8 19. Re1 Rg7 20. d5 cxd5
21. Bxd5 Nb6 22. Bb3 O-O-O 23. Rc3+ Kb8 24. Qf4+ Ka8 25. Rc7 Rd7 26. Rxd7 Nxd7
27. Rd1 Nb8 28. c3 h5 29. Bc2 f5 30. Re1 Rg6 31. Bd1 Qh7 32. Bf3 a6 33. Qd6 Qg8
34. Qb6 Qc8 35. Bxh5 Nd7 36. Qd6 Rh6 37. Bf3 Qc5+ 38. Qxc5 Nxc5 39. b4 Nd7 40.
c4 Kb8 41. c5 Kc7 42. Rd1 a5 43. a3 axb4 44. axb4 Ne5 45. Rd6 Nc4 46. Rd4 b5
47. cxb6+ Nxb6 48. Rd1 Rh4 49. Rc1+ Kd7 50. b5 Rb4 51. Rd1+ Ke7 52. Bc6 e5 53.
g3 f4 54. gxf4 Rxf4 55. Kg2 Rb4 56. Kg3 Nc4 57. Rd7+ Kf6 58. Rd3 Na5 59. Rc3
Nb3 60. Rf3+ Ke6 61. Rf8 Nd4 62. Re8+ Kf6 63. Rf8+ 1/2-1/2

[Event "16. Open de Figueres Miquel Mas 2015"]
[Site "Figueres ESP"]
[Date "2015.08.16"]
[Round "7.6"]
[White "Pulvett Marin, Daniel"]
[Black "Gonzalez Rodriguez, Jorge A"]
[Result "1-0"]
[WhiteElo "2434"]
[BlackElo "2369"]
[PlyCount "63"]
[EventDate "2015.08.11"]
[EventType "swiss"]
[EventRounds "9"]
[EventCountry "ESP"]
[Source "lmi"]
[SourceDate "2015.08.11"]

1. d4 e6 2. c4 Nf6 3. Nf3 b6 4. Nc3 Bb4 5. Qc2 Bb7 6. a3 Bxc3+ 7. Qxc3 Ne4 8.
Qc2 O-O 9. e3 f5 10. Be2 d6 11. b4 Nd7 12. O-O Qe7 13. Bb2 c5 14. Rfd1 Rac8 15.
Qb3 Rc7 16. Nd2 Nxd2 17. Rxd2 d5 18. Rad1 Rfc8 19. dxc5 bxc5 20. b5 Nb6 21. Be5
Rd7 22. Qc3 Rcd8 23. h3 h6 24. Bf1 Kh7 25. Kh2 dxc4 26. Rxd7 Rxd7 27. Rxd7 Nxd7
28. Bg3 Bd5 29. a4 Qf6 30. Qc1 c3 31. a5 g5 32. f4 1-0

[Event "16. Open de Figueres Miquel Mas 2015"]
[Site "Figueres ESP"]
[Date "2015.08.16"]
[Round "7.7"]
[White "Juan Bartroli, Pau"]
[Black "Stella, Andrea"]
[Result "0-1"]
[WhiteElo "2195"]
[BlackElo "2423"]
[PlyCount "56"]
[EventDate "2015.08.11"]
[EventType "swiss"]
[EventRounds "9"]
[EventCountry "ESP"]
[Source "lmi"]
[SourceDate "2015.08.11"]

1. b3 c5 2. Bb2 d6 3. e3 Nc6 4. Bb5 e5 5. Ne2 Nge7 6. O-O a6 7. Bxc6+ Nxc6 8.
d4 cxd4 9. exd4 Be7 10. dxe5 dxe5 11. Qxd8+ Bxd8 12. Nbc3 O-O 13. Nd5 Be6 14.
Rfd1 b5 15. Ba3 Re8 16. c4 bxc4 17. Rac1 Na5 18. bxc4 Bg5 19. Rc2 Rad8 20. Bc1
Nxc4 21. Rxc4 Bxc1 22. Rdxc1 Rxd5 23. R4c2 Ra5 24. Nc3 Rc8 25. f3 Rac5 26. g4
h5 27. h3 hxg4 28. hxg4 f5 0-1

[Event "16. Open de Figueres Miquel Mas 2015"]
[Site "Figueres ESP"]
[Date "2015.08.16"]
[Round "7.8"]
[White "Ventura Bolet, Maxim"]
[Black "Sabria Batlle, Pol"]
[Result "0-1"]
[WhiteElo "2069"]
[BlackElo "2251"]
[PlyCount "96"]
[EventDate "2015.08.11"]
[EventType "swiss"]
[EventRounds "9"]
[EventCountry "ESP"]
[Source "lmi"]
[SourceDate "2015.08.11"]

1. Nf3 Nf6 2. d4 e6 3. g3 b5 4. Bg2 Bb7 5. O-O c5 6. a4 b4 7. c4 Be7 8. d5 exd5
9. Ne1 d6 10. Nc2 O-O 11. Ne3 g6 12. b3 Nbd7 13. Bb2 d4 14. Bxb7 Rb8 15. Nd5
Rxb7 16. Nxe7+ Qxe7 17. e3 dxe3 18. Qf3 Qe4 19. fxe3 Qxf3 20. Rxf3 Ne4 21. Rf4
f5 22. g4 Ne5 23. Bxe5 dxe5 24. Rxe4 fxe4 25. Nd2 Rd7 26. Nxe4 Rd3 27. Nxc5
Rxe3 28. Rd1 Rf4 29. Rd8+ Kf7 30. Nd3 Rff3 31. Nxb4 Rxb3 32. Nd5 Ra3 33. c5
Rfb3 34. Rd7+ Ke6 35. Rd6+ Kf7 36. Rd7+ Kf8 37. Rd8+ Kg7 38. Rd7+ Kh6 39. Rf7
Rb1+ 40. Kg2 Rb2+ 41. Rf2 Rxf2+ 42. Kxf2 Rxa4 43. c6 Rc4 44. c7 g5 45. Ke3 e4
46. h4 gxh4 47. Kf4 h3 48. g5+ Kh5 0-1

[Event "16. Open de Figueres Miquel Mas 2015"]
[Site "Figueres ESP"]
[Date "2015.08.16"]
[Round "7.9"]
[White "Serra Pages, Jordi"]
[Black "Axpe Balenciaga, Inigo"]
[Result "0-1"]
[WhiteElo "2235"]
[BlackElo "2130"]
[PlyCount "53"]
[EventDate "2015.08.11"]
[EventType "swiss"]
[EventRounds "9"]
[EventCountry "ESP"]
[Source "lmi"]
[SourceDate "2015.08.11"]

1. d4 d6 2. e4 g6 3. c4 Bg7 4. Nc3 Nc6 5. Be3 e5 6. d5 Nce7 7. c5 f5 8. cxd6
cxd6 9. Qa4+ Kf7 10. Nf3 h6 11. Bc4 Nf6 12. Nxe5+ Kf8 13. exf5 Bxf5 14. Nf3 Nh7
15. O-O a6 16. Qd1 Bg4 17. h3 Bd7 18. Bd3 Bf5 19. g4 Bd7 20. Qd2 Qa5 21. Rad1
Rb8 22. Nh4 Be8 23. f4 Kg8 24. Be2 b5 25. a3 Qc7 26. f5 g5 27. Ng6 0-1

[Event "16. Open de Figueres Miquel Mas 2015"]
[Site "Figueres ESP"]
[Date "2015.08.16"]
[Round "7.10"]
[White "Serra Canals, Oriol"]
[Black "Fernandez, Maria Florencia"]
[Result "0-1"]
[WhiteElo "2037"]
[BlackElo "2222"]
[PlyCount "44"]
[EventDate "2015.08.11"]
[EventType "swiss"]
[EventRounds "9"]
[EventCountry "ESP"]
[Source "lmi"]
[SourceDate "2015.08.11"]

1. d4 Nf6 2. c4 g6 3. Nc3 Bg7 4. Nf3 d6 5. g3 O-O 6. Bg2 Nc6 7. d5 Na5 8. b3 c6
9. dxc6 Ne4 10. Nxe4 Bxa1 11. Bh6 Bg7 12. Bxg7 Kxg7 13. cxb7 Bxb7 14. Qd4+ Kg8
15. Neg5 h6 16. Nh3 Nc6 17. Qh4 Qa5+ 18. Kf1 Qxa2 19. Qxh6 Nd4 20. Qe3 Qa1+ 21.
Ne1 Nc2 22. Qd2 Nxe1 0-1

[Event "16. Open de Figueres Miquel Mas 2015"]
[Site "Figueres ESP"]
[Date "2015.08.17"]
[Round "8.1"]
[White "Bachmann, Axel"]
[Black "Munoz Pantoja, Miguel"]
[Result "1-0"]
[WhiteElo "2623"]
[BlackElo "2434"]
[PlyCount "65"]
[EventDate "2015.08.11"]
[EventType "swiss"]
[EventRounds "9"]
[EventCountry "ESP"]
[Source "lmi"]
[SourceDate "2015.08.11"]

1. d4 Nf6 2. c4 c5 3. d5 e5 4. Nc3 d6 5. e4 Be7 6. Be2 O-O 7. h4 Ne8 8. Bg4
Bxg4 9. Qxg4 f5 10. exf5 Qd7 11. Be3 Qxf5 12. Qe2 Nf6 13. Nf3 h6 14. Nd2 Nbd7
15. O-O-O e4 16. Nf1 Ne5 17. Ng3 Qg4 18. b3 Nd3+ 19. Kd2 Rae8 20. Rdf1 Bd8 21.
Qxg4 Nxg4 22. Ngxe4 Ndxf2 23. Bxf2 Ba5 24. Bxc5 dxc5 25. Rxf8+ Kxf8 26. Rf1+
Kg8 27. Rf4 h5 28. Nxc5 Re3 29. N5e4 Bxc3+ 30. Nxc3 Rg3 31. d6 Rxg2+ 32. Ne2
Ne5 33. Re4 1-0